| 000 | 00608nam a2200181Ia 4500 | ||
|---|---|---|---|
| 008 | 100920s9999 xx 000 0 und d | ||
| 082 |
_b103384 _a891.463.1 न 06 |
||
| 100 | _aकर्णिक मधु मंगेश. | ||
| 245 | _aकोकणी ग वस्ती. | ||
| 260 |
_bयशोदा प्रकाशन,रत्नागिरी. _c2006 |
||
| 300 |
_a128 _bसाधी |
||
| 365 | _b130 | ||
| 520 | _aलघुकथा. | ||
| 630 | _aकोकणी ग वस्ती. | ||
| 650 | _aलघुकथा. | ||
| 730 | _aकोकणी ग वस्ती. | ||
| 942 | _cBOOK | ||
| 999 |
_c743816 _d743813 |
||